| Tag |
First Indicator |
Second Indicator |
Subfields |
| LEADER |
00000cam a2200000 4500 |
| 001 |
in00004473521 |
| 005 |
20191202143146.0 |
| 008 |
770816s1949 ilua 001 0 eng |
| 010 |
|
|
|a agr49000122
|
| 035 |
|
|
|a (OCoLC)03193685
|
| 035 |
|
|
|z (UtOrBLW)12629
|
| 035 |
|
|
|a 22918
|
| 040 |
|
|
|a U.S. Dept of Agr. Library
|c OCP
|d OCL
|d TMV.
|d UtOrBLW
|
| 049 |
|
|
|a TMVM
|c 1
|
| 050 |
0 |
0 |
|a SF757
|b .D9 1949
|
| 060 |
|
4 |
|a SF 757
|b D996a 1949
|
| 100 |
1 |
|
|a Dykstra, R. R.
|q (Ralph Ralph),
|d 1879-
|
| 245 |
1 |
0 |
|a Animal sanitation and disease control /
|c by R.R. Dyksstra.
|
| 250 |
|
|
|a Revised and enlarged.
|
| 264 |
|
1 |
|a Danville, Ill. :
|b Interstate Printers-Pub,
|c 1949.
|
| 300 |
|
|
|a 808 pages :
|b illustrations ;
|c 22 cm.
|
| 336 |
|
|
|a text
|2 rdacontent
|b txt
|
| 337 |
|
|
|a unmediated
|2 rdamedia
|
| 338 |
|
|
|a volume
|2 rdacarrier
|b nc
|
| 500 |
|
|
|a Includes index.
|
| 650 |
|
2 |
|a Pathology, Veterinary.
|
| 650 |
|
2 |
|a Public Health.
|
| 650 |
|
2 |
|a Animal Diseases
|x prevention & control.
|
| 650 |
|
2 |
|a Veterinary Medicine.
|
| 999 |
|
|
|a MARS
|
| 999 |
f |
f |
|s 8b8744eb-849e-36f0-b761-ff51e8ae15bc
|i 63845030-8468-3a22-b14f-a6ae541cf765
|t 0
|
| 952 |
f |
f |
|p preservation
|a Texas A&M University
|b J.J. Pickle Campus
|c High Density Repository
|d Remote Storage
|t 0
|e SF 757 D996a 1949
|h National Library of Medicine classification
|i unmediated -- volume
|m 3238900107853
|
| 998 |
f |
f |
|a SF 757 D996a 1949
|t 0
|l Remote Storage
|